Softvérové zabezpečenie riadenia obchodnej objednávky vo výrobnom podniku bakalárska práca

Uložené v:
Podrobná bibliografia
Hlavný autor: Laluch, Mário
Korporativný autor: Fakulta hospodárskej informatiky EU. Katedra aplikovanej informatiky
Ďalší autori: Grell, Michal
Médium: Kniha
Jazyk:Slovak
Vydavateľské údaje: Bratislava 2009
Tagy: Pridať tag
Žiadne tagy, Buďte prvý, kto otaguje tento záznam!

MARC

LEADER 00000nam$a2200000$$$4500
001 0103800
005 20240319122952.3
041 0 |a slo 
044 |a SK 
245 1 0 |a Softvérové zabezpečenie riadenia obchodnej objednávky vo výrobnom podniku  |b bakalárska práca  |c Mário Laluch ; škol. Michal Grell 
264 1 |a Bratislava  |c 2009 
300 |a 28 s. 
100 1 |a Laluch, Mário 
700 1 |a Grell, Michal 
710 2 |a Fakulta hospodárskej informatiky EU. Katedra aplikovanej informatiky